Fast & furious 5 (Record no. 155023)

MARC details
000 -LEADER
fixed length control field 02897cgm a2200565 a 4500
001 - CONTROL NUMBER
control field vtls003255127
003 - CONTROL NUMBER IDENTIFIER
control field MY-SjTCS
005 - DATE AND TIME OF LATEST TRANSACTION
control field 20200226115845.0
007 - PHYSICAL DESCRIPTION FIXED FIELD--GENERAL INFORMATION
fixed length control field vd cv iru
008 - FIXED-LENGTH DATA ELEMENTS--GENERAL INFORMATION
fixed length control field 131203s2011 cau130 |00 vueng d
039 #9 - LEVEL OF BIBLIOGRAPHIC CONTROL AND CODING DETAIL [OBSOLETE]
Level of rules in bibliographic description 201401281041
Level of effort used to assign nonsubject heading access points pushpa
Level of effort used to assign subject headings 201401231453
Level of effort used to assign classification shuhada
Level of effort used to assign subject headings 201401231437
Level of effort used to assign classification shuhada
Level of effort used to assign subject headings 201401231434
Level of effort used to assign classification shuhada
-- 201312031423
-- malathy
041 1# - LANGUAGE CODE
Language code of text/sound track or separate title eng
-- tha
Language code of subtitles eng
-- chi
-- kor
-- tha
043 ## - GEOGRAPHIC AREA CODE
Geographic area code s-bl----
082 04 - DEWEY DECIMAL CLASSIFICATION NUMBER
Classification number 791.4372
Item number FAS 2011
245 00 - TITLE STATEMENT
Title Fast & furious 5
Medium [videorecording] /
Statement of responsibility, etc. directed by Justin Lin ; written by Chris Morgan ; produced by Neal H. Moritz, Vin Diesel, Michael Fottrell ; a Universal Pictures presentation ; an Original Film/One Race Films production.
246 3# - VARYING FORM OF TITLE
Title proper/short title Fast five (Motion picture)
246 3# - VARYING FORM OF TITLE
Title proper/short title Fast five
246 3# - VARYING FORM OF TITLE
Title proper/short title Fast and furious 5
250 ## - EDITION STATEMENT
Edition statement Extended ed., widescreen.
260 ## - PUBLICATION, DISTRIBUTION, ETC.
Place of publication, distribution, etc. Universal City, CA :
Name of publisher, distributor, etc. Universal Studios,
Date of publication, distribution, etc. c2011.
300 ## - PHYSICAL DESCRIPTION
Extent 1 videodisc (ca. 130 min.) :
Other physical details sd., col. ;
Dimensions 4 3/4 in.
500 ## - GENERAL NOTE
General note Originally released as a motion picture in 2010.
500 ## - GENERAL NOTE
General note Based on characters created by Gary Scott Thompson.
500 ## - GENERAL NOTE
General note Bonus features: a new sets of wheels ; deleted scenes ; gag reel ; feature commentary with director Justin Lin.
508 ## - CREATION/PRODUCTION CREDITS NOTE
Creation/production credits note Director of photography, Stephen F. Windon ; editors, Christian Wagner, Kelly Matsumoto, Fred Raskin ; music, Brian Tyler.
511 1# - PARTICIPANT OR PERFORMER NOTE
Participant or performer note Vin Diesel, Paul Walker, Jordana Brewster, Tyrese Gibson, Chris "Ludacris" Bridges, Matt Schulze, Sung Kang, Dwayne Johnson.
520 ## - SUMMARY, ETC.
Summary, etc. After Brian and Mia break Dom out of jail, they find themselves trapped in Rio de Janeiro and on the run from the law. Now one last job stands between them and freedom, but will they make it before the corrupt businessmen, or the feds, catch up to them?
538 ## - SYSTEM DETAILS NOTE
System details note DVD ; Dolby Digital 5.1 surround, DVS Dolby Digital 2.0 stereo., DVD-9, single-sided.
546 ## - LANGUAGE NOTE
Language note English & Thai ; English, Cantonese, Traditional Chinese, Korean & Thai subtitles.
650 #0 - SUBJECT ADDED ENTRY--TOPICAL TERM
Topical term or geographic name entry element Hot rods
Geographic subdivision Brazil
-- Rio de Janeiro
Form subdivision Drama.
650 #0 - SUBJECT ADDED ENTRY--TOPICAL TERM
Topical term or geographic name entry element Hot rods
General subdivision Design and construction
Form subdivision Drama.
650 #0 - SUBJECT ADDED ENTRY--TOPICAL TERM
Topical term or geographic name entry element Criminal behavior
Geographic subdivision Brazil
-- Rio de Janeiro
Form subdivision Drama.
650 #0 - SUBJECT ADDED ENTRY--TOPICAL TERM
Topical term or geographic name entry element Drug traffic
Geographic subdivision Brazil
-- Rio de Janeiro
Form subdivision Drama.
700 1# - ADDED ENTRY--PERSONAL NAME
Personal name Lin, Justin.
9 (RLIN) 70010
700 1# - ADDED ENTRY--PERSONAL NAME
Personal name Diesel, Vin.
9 (RLIN) 70011
700 1# - ADDED ENTRY--PERSONAL NAME
Personal name Walker, Paul,
Dates associated with a name 1973-2013.
9 (RLIN) 70253
700 1# - ADDED ENTRY--PERSONAL NAME
Personal name Brewster, Jordana,
Dates associated with a name 1980-
9 (RLIN) 70254
700 0# - ADDED ENTRY--PERSONAL NAME
Personal name Tyrese.
9 (RLIN) 70255
700 0# - ADDED ENTRY--PERSONAL NAME
Personal name Ludacris
Titles and other words associated with a name (Rapper)
9 (RLIN) 70256
700 1# - ADDED ENTRY--PERSONAL NAME
Personal name Johnson, Dwayne,
Dates associated with a name 1972-
9 (RLIN) 70257
700 1# - ADDED ENTRY--PERSONAL NAME
Personal name Schulze, Matt.
9 (RLIN) 70258
700 1# - ADDED ENTRY--PERSONAL NAME
Personal name Morgan, Chris
Titles and other words associated with a name (Screenwriter)
9 (RLIN) 70262
700 1# - ADDED ENTRY--PERSONAL NAME
Personal name Moritz, Neal H.
9 (RLIN) 70012
700 1# - ADDED ENTRY--PERSONAL NAME
Personal name Fottrell, Michael
Fuller form of name (Morgan Michael)
9 (RLIN) 70259
710 2# - ADDED ENTRY--CORPORATE NAME
Corporate name or jurisdiction name as entry element Universal Pictures (Firm)
9 (RLIN) 19267
710 2# - ADDED ENTRY--CORPORATE NAME
Corporate name or jurisdiction name as entry element Original Film (Firm)
9 (RLIN) 70260
710 2# - ADDED ENTRY--CORPORATE NAME
Corporate name or jurisdiction name as entry element One Race Films (Firm)
9 (RLIN) 70261
920 ## - Programme
Programme GENLS : 207346
921 ## - Programme
Programme GEN : 208844
Holdings
Withdrawn status Lost status Source of classification or shelving scheme Damaged status Not for loan Home library Current library Date acquired Cost, normal purchase price Total Checkouts Barcode Date last seen Date last checked out Copy number Cost, replacement price Koha item type Public note
Withdrawn   Dewey Decimal Classification     Taylor's Library-TC Taylor's Library-TC 22/01/2014 29.90 1 1000529650 05/12/2019 10/02/2014 1 29.90 Media Resources GENxx,GENxx,01,CL
    Dewey Decimal Classification     Taylor's Library-TU Taylor's Library-TU 19/12/2013 29.90 5 1000529522 05/12/2019 16/12/2015 1 29.90 Media Resources GENLS,GENLS,01,CL